<?xml version="1.0" encoding="UTF-8"?>
<marc:record xmlns:marc="http://www.loc.gov/MARC21/slim">
   <marc:leader>00000nam a2200000 a 4500</marc:leader>
   <marc:datafield ind1="1" ind2=" " tag="100">
      <marc:subfield code="a">Cooper, Jilly</marc:subfield>
      <marc:subfield code="4">aut</marc:subfield>
      <marc:subfield code="e">Verfasser/-in</marc:subfield>
   </marc:datafield>
   <marc:datafield ind1="0" ind2="0" tag="245">
      <marc:subfield code="a">Riders</marc:subfield>
   </marc:datafield>
   <marc:datafield ind1="0" ind2="0" tag="245">
      <marc:subfield code="b">Roman</marc:subfield>
   </marc:datafield>
   <marc:datafield ind1="0" ind2="0" tag="245">
      <marc:subfield code="c">Jilly Cooper</marc:subfield>
   </marc:datafield>
   <marc:datafield ind1=" " ind2="1" tag="264">
      <marc:subfield code="a">Hamburg</marc:subfield>
      <marc:subfield code="b">HarperCollins</marc:subfield>
      <marc:subfield code="c">2026</marc:subfield>
   </marc:datafield>
   <marc:datafield ind1="1" ind2=" " tag="490">
      <marc:subfield code="a">Rutshire-Chronicles</marc:subfield>
   </marc:datafield>
   <marc:datafield ind1=" " ind2=" " tag="250">
      <marc:subfield code="a">1.</marc:subfield>
   </marc:datafield>
   <marc:datafield ind1="1" ind2=" " tag="520">
      <marc:subfield code="a">Jake Lovell, der in den Reihen der Reiter aufsteigt, wird vom Wunsch getrieben, sich zu beweisen und sich an Rupert Campbell-Black, dem schneidigen Liebling des Showrings, zu rächen, der ihn einst in der Schule schikanierte. Während Jake seine Karriere mit Fleiß und der Hilfe seiner wohlhabenden Frau Tory aufbaut, springt Rupert zwischen Liebhaberinnen, Affären und Pferden hin und her und sabotiert dabei oft seinen eigenen Erfolg. Die Rivalität verschärft sich weiter &#x96; beruflich und privat. Ruperts chaotische Beziehungen, unter anderem zur schönen und liebenswürdigen Helen Macaulay, stehen im Gegensatz zu Jakes stabiler, aber belasteter Ehe. Nachdem sie sich gegenseitig Pferde gestohlen und sich durch Europas Hauptstädte getrunken haben, eskaliert die Fehde schließlich bei den Olympischen Spielen in Los Angeles mit verheerenden Folgen</marc:subfield>
   </marc:datafield>
   <marc:datafield ind1=" " ind2=" " tag="020">
      <marc:subfield code="a">9783365012918</marc:subfield>
      <marc:subfield code="9">9783365012918</marc:subfield>
   </marc:datafield>
   <marc:datafield ind1=" " ind2=" " tag="020">
      <marc:subfield code="a">3365012915</marc:subfield>
      <marc:subfield code="9">3365012915</marc:subfield>
   </marc:datafield>
   <marc:datafield ind1=" " ind2=" " tag="500">
      <marc:subfield code="a">Aus dem Engl. übers.</marc:subfield>
   </marc:datafield>
   <marc:datafield ind1=" " ind2=" " tag="300">
      <marc:subfield code="a">989 S.</marc:subfield>
   </marc:datafield>
</marc:record>
